000
00287nam a2200121Ia 4500
008
220204s9999 xx 000 0 und d
082
_a
336.71
_b
CHA;1
100
_a
CHAUDHURI, B K
245
0
_a
Practical banking
260
_a
Calcutta
_b
Academic
_c
1979
650
_a
Banking
942
_c
BK
999
_c
32459
_d
32459